000 01105nmc a2200325 a 4500
003 AR-BaBNM
005 20251128210301.0
008 289019s1996 ||||||||||||||000 | spa||
020 _a0-8270-3541-1
040 _cAR-BaBNM
100 1 _aMello, José Carlos
245 1 0 _aMeio ambiente, educaçâo e desenvolvimento
260 _aWashington, D.C.
_bOEA
_c1996
300 0 _a123 p.
_btablas
490 0 _aInteramer. Educativa
_vv. 60
500 0 _aEsta publicación es parte de las actividades realizadas por los estados miembros de la OEA con el apoyo del Proyecto Multinacional de Educación para el Trabajo que integra el Programa Nacional de Desarrollo Educacional
504 _aContiene bibliografía p. 111-120
650 4 _aEDUCACION AMBIENTAL
650 4 _aEDUCACION Y DESARROLLO
650 4 _aDESARROLLO REGIONAL
650 4 _aPLANIFICACION REGIONAL
650 4 _aURBANISMO
650 4 _aTRANSPORTE
650 4 _aCLIMA
653 0 _aTEMAS TRANSVERSALES
653 0 _aDESARROLLO SUSTENTABLE
800 1 _aCarvalho, Getúlio P.
_edirector
942 _cBK
998 _cRaquel
999 _c14780
_d14780